000 02065nam a22004457a 4500
003 EG-GICUC
005 20260121101206.0
008 251110s2025 ua ||||fr|||| 000 0 ara d
040 _aEG-GICUC
_cEG-GICUC
_dEG-GICUC
_erda
_bara
041 0 _aara
_dara
049 _aإيداع
082 0 4 _a343.14
_221
097 _aPh.D
099 _aLaw 10 PHD 2025
100 0 _aخالد ضياء الدين دياب عبدالجواد
_eمؤلف.
245 1 0 _aالمسئولية الجنائية للشخص المسيطر فى نطاق قوانين حماية المنافسة :
_bدراسة مقارنة /
_cاعداد خالد ضياء الدين دياب عبدالجواد ؛ اشراف عمرو محمد محمد سالم .
264 0 _aالقاهرة :
_bكلية الحقوق - جامعة القاهرة,
_c2025.
300 _a258 صفحة :
_billustrations ; إيضاحيات ؛
_c30 cm. +
_eCD.
336 _atext
_2rda content
337 _aComputer
_2rda media
338 _aOnline Resource
_2rda carrier
502 _a أطروحة (دكتوراه)-جامعة القاهرة، 2025.
504 _aيشتمل على إرجاعات بيبليوجرافية: 230-251 صفحة
546 _aالنص بالعربية والملخص بالإنجليزية.
650 0 4 _aالمسئولية الجنائية
_2qrmak
653 0 _aجرائم اقتصادية
653 0 _aالشخص المسيطر
653 0 _aمحكمة اقتصادية
653 0 _aتصالح
653 0 _aالسوق المعنية
655 4 _aرسائل جامعية
_zجامعة القاهرة
700 0 _aعمر محمد محمد سالم
_eAnnotateur
700 0 _aأحمد عوض بلال
_eAnnotateur
700 0 _aمحدم سامي الشوا
_eAnnotateur
710 2 _aجامعة القاهرة
_bكلية الحقوق
856 _uhttps://fll.law.cu.edu.eg/fulltext/th/T10-04165.pdf
900 _b01-01-2023
_Uجامعة القاهرة Cairo University
_Fكلية Faculty of
_Dقسم Department of
905 _a31
942 _2ddc
_n0
_cTH
_e21
999 _c42358